Normal view
MARC view
Entry Personal Name
001 - CONTROL NUMBER
- control field: 23650
003 - CONTROL NUMBER IDENTIFIER
- control field: dpl
005 - DATE AND TIME OF LATEST TRANSACTION
- control field: 20101019140550.0
008 - FIXED-LENGTH DATA ELEMENTS
- fixed length control field: 101019|||a|||||| | ||| d
040 ## - CATALOGING SOURCE
- Original cataloging agency: dpl
- Transcribing agency: dpl
100 ## - HEADING--PERSONAL NAME
- Personal name: सिंह, ममता
670 ## - SOURCE DATA FOUND
- Source citation: Work cat.: (dpl)38003: सिंह, ममता, भारतीय संस्कृति और लोक प्रतीक /, 2010
670 ## - SOURCE DATA FOUND
- Source citation: Work cat.: (dpl)38003: सिंह, ममता, भारतीय संस्कृति और लोक प्रतीक /, 2010
